Geología aplicada a la Ingeniería civil

Bibliographic Details
Main Author: Ruiz Vásquez, Mariano
Format: Section = Libro
Language:Undetermined
Spanish
Published: México Limusa 2005
Subjects:
LEADER 00635nam a2200217Ia 4500
008 240829s9999 xx 000 0 und d
020 |a 968-18-4634-6 
040 |a BIBLIOTECA-RUPAP 624.151 R934 
041 |a spa 
082 |a 624.151 R934 
100 1 |a Ruiz Vásquez, Mariano  
245 1 0 |a Geología aplicada a la Ingeniería civil 
260 |a México  |b Limusa  |c 2005 
300 |a 256 p. :il. 
650 7 |a GEOLOGIA 
650 7 |b  LITOLOGIA Y ESTRATIGRAFIA 
650 7 |c  GEOLOGIA ESTRUCTURAL 
650 7 |d  PRESAS, TUNELES, EXCAVACIONES. I. González Huesca, Silvia. II. Tít. 
942 |c BK  |2 ddc 
991 |a TEXTO 
999 |c 9460